Using special edition : (Record no. 132989)

MARC details
000 -LEADER
fixed length control field 00723nam a22002297a 4500
005 - DATE AND TIME OF LATEST TRANSACTION
control field 20170124110202.0
010 ## - LIBRARY OF CONGRESS CONTROL NUMBER
LC control number A-939406
020 ## - INTERNATIONAL STANDARD BOOK NUMBER
Terms of availability 295.00
International Standard Book Number 8120313968
035 ## - SYSTEM CONTROL NUMBER
System control number A-939406
037 ## - SOURCE OF ACQUISITION
Source of stock number/acquisition Cen Lib/Ret
040 ## - CATALOGING SOURCE
Original cataloging agency DPL
Language of cataloging EN
082 ## - DEWEY DECIMAL CLASSIFICATION NUMBER
Classification number 005.754
Item number HAY
100 ## - MAIN ENTRY--PERSONAL NAME
Personal name Hayes, William B.
9 (RLIN) 36417
245 ## - TITLE STATEMENT
Title Using special edition :
Statement of responsibility, etc by William B. Haynes [and] Charles A. Wood
Remainder of title Power Builder 6 /
260 ## - PUBLICATION, DISTRIBUTION, ETC. (IMPRINT)
Place of publication, distribution, etc New Delhi
Name of publisher, distributor, etc Prentice Hall of India
Date of publication, distribution, etc 1998
270 ## - ADDRESS
Address M-97, Connaught Circus
City New Delhi
Postal code 110001
300 ## - PHYSICAL DESCRIPTION
Extent xx, 850p. :
Dimensions 24cm(Hb)
Other physical details ill.
650 ## - SUBJECT ADDED ENTRY--TOPICAL TERM
Topical term or geographic name as entry element Internet
9 (RLIN) 92169
650 ## - SUBJECT ADDED ENTRY--TOPICAL TERM
Topical term or geographic name as entry element PowerBuilder
9 (RLIN) 36419
700 ## - ADDED ENTRY--PERSONAL NAME
Personal name Wood, Charles A.
9 (RLIN) 36420
942 ## - ADDED ENTRY ELEMENTS (KOHA)
Source of classification or shelving scheme Dewey Decimal Classification
Koha item type English Books
Classification part 005.754
Call number suffix HAY
Holdings
Withdrawn status Lost status Damaged status Not for loan Home library Current library Date acquired Source of acquisition Cost, normal purchase price Total Checkouts Full call number Barcode Date last seen Copy number Cost, replacement price Price effective from Koha item type
        Central Library Central Library 24/07/2015 Cen Lib/Ret 295.00   005.754 HAY A-939406 24/07/2015 1 295.00 24/07/2015 English Books

© Delhi Public Library
Hit Counter
free hit counter